00671cam a22002411 4500001001300000003000400013005001700017008004100034010001700075025001900092035002000111040002100131042001200152050002400164110005200188245005300240260001200293300003800305500001600343504003100359651002200390999001700412sa 63004710 DLC20260227111951.0941017s1956 ii j b 000 0 pano  asa 63004710  aPL480:I-Pu-263 a(OCoLC)31300669 aDLCcCUdCUdDLC apremarc00aJQ220.L3bA56 1956a1 aIndia (Republic)bOfficial Language Commission.10aSarakārī Bhāshā-Kamishana dī rapoṭa. c[1956?] a10, xiii, 562 p.btables.c24 cm. aIn Panjabi. aBibliographical footnotes. 0aIndiaxLanguages. c55820d55820